000
00505nam a2200133Ia 4500
008
100328s9999 xx 000 0 und d
082
_b
62318
100
_a
गाडगीळ गंगाधर.
245
_a
बंडू,जग आणि खतरनाक अब्दुला.
260
_b
डिंपल.
630
_a
बंडू,जग आणि खतरनाक अब्दुला.
730
_a
बंडू,जग आणि खतरनाक अब्दुला.
942
_c
BOOK
999
_c
548318
_d
548315